Loading...
| Social Science | 1 | 2 | 0 | 1 | 35 | 56 | 82.67 | 2 | 3 | 0.00 | 0.00 |
| History - World | 0 | 3 | 0 | 2 | 30 | 72 | 111.67 | 0 | 3 | 0.00 | 0.00 |
| History - American | 1 | 1 | 0 | 1 | 25 | 45 | 61.00 | 2 | 2 | 0.00 | 0.00 |
| History - European | 1 | 1 | 0 | 0 | 25 | 48 | 87.50 | 0 | 2 | 0.00 | 0.00 |
| Science - Physics | 0 | 2 | 0 | 1 | 20 | 109 | 112.00 | 1 | 2 | 0.00 | 0.00 |
| Literature - European | 1 | 0 | 0 | 0 | 15 | 25 | 25.00 | 1 | 1 | 0.00 | 0.00 |
| Literature - British | 1 | 0 | 0 | 0 | 15 | 61 | 61.00 | 1 | 1 | 0.00 | 0.00 |
| Fine Arts - Other | 1 | 0 | 0 | 0 | 15 | 58 | 58.00 | 0 | 1 | 0.00 | 0.00 |
| Science - Biology | 1 | 0 | 0 | 0 | 15 | 78 | 78.00 | 0 | 1 | 0.00 | 0.00 |
| Literature - American | 0 | 1 | 0 | 0 | 10 | 85 | 85.00 | 1 | 1 | 0.00 | 0.00 |
| Mythology | 0 | 1 | 0 | 1 | 10 | 124 | 124.00 | 1 | 1 | 0.00 | 0.00 |
| Pop Culture | 0 | 1 | 0 | 1 | 10 | 139 | 139.00 | 0 | 1 | 0.00 | 0.00 |